| 000 | 00537nam a22001817a 4500 | ||
|---|---|---|---|
| 005 | 20251108172833.0 | ||
| 008 | 250721s2004 xx 000 0 ara d | ||
| 082 | 1 | 4 | _a657.42/ عيس |
| 100 | 1 | _aالعيسى، محمد سليم | |
| 245 | 1 | 0 | _aأصول محاسبة التكاليف / |
| 264 | 1 |
_aعمان : _bدار تسنيم للنشر، _c2004. |
|
| 300 | _a339ص | ||
| 650 | 1 | 7 | _aالمحاسبة |
| 650 | 1 | 7 | _aمحاسبة التكاليف |
| 650 | 1 | 7 | _aالمحاسبة المالية |
| 942 |
_2ddc _cBK |
||
| 999 |
_c89693 _d89693 |
||